[Event "Turkey IS Bank Super League 2017"]
[Site "Darica-Kocaeli"]
[Date "2017.08.04"]
[Round "10"]
[White "Unuk, Laura"]
[Black "Yildiz, Betul Cemre"]
[Result "1/2-1/2"]
[WhiteElo "2343"]
[BlackElo "2326"]
[Annotator "RC"]
[PlyCount "155"]
[EventType "team-tourn"]
[EventCountry "TUR"]
[SourceTitle "playchess.com"]
[Source "ChessBase"]
[SourceQuality "1"]
[TimeControl "40/5400+30:1800+30"]

1. d4 {[%emt 0:00:30]} d5 {[%emt 0:01:00]} 2. c4 {[%emt 0:00:30]} dxc4 {[%emt 0:00:30]} 3. e3 {[%emt 0:00:30]} Nf6 {[%emt 0:00:30]} 4. Bxc4 {[%emt 0:00:30]} e6 {[%emt 0:00:30]} 5. Nf3 {[%emt 0:00:30]} a6 {[%emt 0:00:00]} 6. O-O {[%emt 0:00:00]} c5 {[%emt 0:00:00]} 7. a4 {[%emt 0:01:00]} Nc6 {[%emt 0:00:30]} 8. Qe2 {[%emt 0:00:30]} Qc7 {[%emt 0:00:30]} 9. Rd1 {[%emt 0:10:30]} Bd6 {[%emt 0:01:30]} 10. h3 {[%emt 0:00:30]} b6 {[%emt 0:08:30]} 11. b3 {[%emt 0:17:30]} Bb7 {[%emt 0:07:30]} 12. Bb2 {[%emt 0:02:30]} cxd4 {[%emt 0:07:30]} 13. exd4 {[%emt 0:00:30]} Nb4 {[%emt 0:03:30]} 14. Nbd2 {[%emt 0:05:30]} Nbd5 {[%emt 0:02:30]} 15. Rac1 {[%emt 0:08:30]} Qe7 {[%emt 0:01:30]} 16. g3 {[%emt 0:02:30]} O-O {[%emt 0:03:30]} 17. Ne5 {[%emt 0:00:30]} Nb4 {[%emt 0:02:30]} 18. Qe1 {[%emt 0:10:30]} Rac8 {[%emt 0:15:30]} 19. Bf1 {[%emt 0:01:30]} Ba8 {[%emt 0:05:30]} 20. Ndc4 {[%emt 0:03:30]} Qb7 {[%emt 0:04:30]} 21. f3 {[%emt 0:00:00]} Be7 {[%emt 0:01:30]} 22. Bg2 {[%emt 0:03:00]} b5 {[%emt 0:04:30]} 23. axb5 {[%emt 0:02:30]} axb5 {[%emt 0:00:00]} 24. Ne3 {[%emt 0:03:30]} Qb6 {[%emt 0:04:00]} 25. Kh2 {[%emt 0:08:16]} Nbd5 {[%emt 0:01:30]} 26. N3g4 {[%emt 0:06:44]} Rfd8 {[%emt 0:04:30]} 27. Qe2 {[%emt 0:01:35]} Ne8 {[%emt 0:03:45]} 28. Nd7 {[%emt 0:02:33]} Qa7 {[%emt 0:05:36]} 29. Nc5 {[%emt 0:00:16]} Nd6 {[%emt 0:00:36]} 30. Ne5 {[%emt 0:01:34]} Bf6 {[%emt 0:01:12]} 31. Ra1 {[%emt 0:01:53]} Qe7 {[%emt 0:00:26]} 32. Rxa8 {[%emt 0:04:07]} Rxa8 {[%emt 0:00:44]} 33. Nc6 {[%emt 0:00:03]} Qe8 {[%emt 0:01:23]} 34. Nxd8 {[%emt 0:00:03]} Rxd8 {[%emt 0:00:31]} 35. Ne4 {[%emt 0:02:06]} Be7 {[%emt 0:05:22]} 36. Nxd6 {[%emt 0:00:14]} Rxd6 {[%emt 0:01:34]} 37. f4 {[%emt 0:00:35]} Bf6 {[%emt 0:02:34]} 38. Ra1 {[%emt 0:01:17]} b4 {[%emt 0:01:37]} 39. Ra4 {[%emt 0:00:40]} Be7 {[%emt 0:00:34]} 40. Ra7 {[%emt 0:00:00]} Qb8 {[%emt 0:01:06]} 41. Ra5 {[%emt 0:02:34]} Qd8 {[%emt 0:02:30]} 42. Qb5 {[%emt 0:05:30]} Rb6 {[%emt 0:07:30]} 43. Qa4 {[%emt 0:09:15]} Rb8 {[%emt 0:01:44]} 44. Ra7 {[%emt 0:00:14]} Bf6 {[%emt 0:02:23]} 45. f5 {[%emt 0:05:28]} Nc3 {[%emt 0:02:43]} 46. Bxc3 {[%emt 0:01:49]} bxc3 {[%emt 0:01:42]} 47. fxe6 {[%emt 0:00:03]} fxe6 {[%emt 0:05:02]} 48. Qc4 {[%emt 0:02:35]} Qxd4 {[%emt 0:01:59]} 49. Qxe6+ {[%emt 0:00:30]} Kh8 {[%emt 0:00:00]} 50. Rc7 {[%emt 0:01:50]} Qd8 {[%emt 0:03:53]} 51. Rc6 {[%emt 0:03:08]} Qg8 {[%emt 0:02:28]} 52. Qf5 {[%emt 0:02:51]} Qd8 {[%emt 0:03:15]} 53. h4 {[%emt 0:00:41]} Qd2 {[%emt 0:00:46]} 54. Kh3 {[%emt 0:00:43]} Rd8 {[%emt 0:00:25]} 55. Rc7 {[%emt 0:00:49]} Qh6 {[%emt 0:00:38]} 56. Rc8 {[%emt 0:00:27]} g5 {[%emt 0:00:28]} 57. Qd7 {[%emt 0:00:59]} Qf8 {[%emt 0:00:11]} 58. Rxd8 {[%emt 0:00:02]} Qxd8 {[%emt 0:00:19]} 59. Qxd8+ {[%emt 0:00:34]} Bxd8 {[%emt 0:00:30]} 60. Be4 {[%emt 0:00:04]} gxh4 {[%emt 0:00:18]} 61. gxh4 {[%emt 0:00:31]} h5 {[%emt 0:00:20]} 62. b4 {[%emt 0:00:37]} Kg7 {[%emt 0:00:04]} 63. b5 {[%emt 0:00:18]} Kf6 {[%emt 0:00:30]} 64. Kg3 {[%emt 0:00:00]} Ke5 {[%emt 0:00:12]} 65. Bh7 {[%emt 0:00:00]} Kd4 {[%emt 0:00:36]} 66. Kh3 {[%emt 0:01:14]} Kc4 {[%emt 0:00:48]} 67. b6 {[%emt 0:00:05]} Bxb6 {[%emt 0:00:17]} 68. Bc2 {[%emt 0:00:04]} Kd4 {[%emt 0:00:19]} 69. Kg3 {[%emt 0:00:30]} Ke3 {[%emt 0:00:30]} 70. Bg6 {[%emt 0:00:30]} Bc7+ {[%emt 0:00:30]} 71. Kh3 {[%emt 0:00:00]} Bd8 {[%emt 0:00:00]} 72. Kg3 {[%emt 0:00:00]} Kd2 {[%emt 0:00:00]} 73. Kh3 {[%emt 0:00:00]} c2 {[%emt 0:00:00]} 74. Bxc2 {[%emt 0:00:00]} Kxc2 {[%emt 0:00:14]} 75. Kg3 {[%emt 0:00:22]} Kd3 {[%emt 0:00:30]} 76. Kh3 {[%emt 0:00:00]} Ke4 {[%emt 0:00:00]} 77. Kg3 {[%emt 0:00:00]} Bc7+ {[%emt 0:00:00]} 78. Kh3 {[%emt 0:00:00]} 1/2-1/2

[Event "Turkey IS Bank Super League 2017"]
[Site "Darica-Kocaeli"]
[Date "2017.08.04"]
[Round "10"]
[White "Gokerkan, Cem Kaan"]
[Black "Unat, Can Haktan"]
[Result "1-0"]
[WhiteElo "2321"]
[BlackElo "2006"]
[Annotator "TA"]
[PlyCount "193"]
[EventType "team-tourn"]
[EventCountry "TUR"]
[SourceTitle "playchess.com"]
[Source "ChessBase"]
[SourceQuality "1"]

{[%evp 15,193,51,60,47,53,39,64,29,68,28,43,6,18,0,0,-29,-7,-10,-15,-19,1,0,0,-10,-7,-11,22,24,25,22,17,5,6,2,15,14,18,20,56,56,56,56,56,56,56,56,56,56,56,56,56,56,56,1,7,0,0,0,0,0,0,0,0,0,2,0,7,0,41,55,82,56,72,70,74,79,120,116,113,99,110,104,233,213,332,221,252,86,137,138,221,214,214,214,263,263,256,252,254,252,423,400,391,418,414,422,520,387,379,345,507,366,505,504,486,457,420,312,812,810,790,784,785,763,931,910,922,916,1327,1288,2264,2165,1720,1659,1597,1519,1355,1203,1164,1117,1583,1480,1514,1484,1143,1103,1973,1817,1904,2215,1650,1608,2196,1204,2669,2180,29981,29982,29982,29983,29983,29983,29983,29984,29984,29983,29985,29986,29986,29985,29988,29988,29989,29990,29990,29990,29990,29991,29991,29990]} 1. e4 c5 2. Nf3 e6 3. d4 cxd4 4. Nxd4 Nc6 5. Nc3 Qc7 6. f4 d6 7. Be3 Nf6 8. Qf3 a6 9. Be2 {B82: Sicilian Scheveningen: 6 f4} (9. Bd3 Be7 10. O-O O-O 11. Kh1 Bd7 12. Rae1 b5 13. a3 Rab8 14. Nxc6 Bxc6 15. Qh3 Rfd8 16. Bd2 d5 17. e5 Ne4 18. f5 Nxd2 19. fxe6 Ne4 20. exf7+ {1-0 (30) Kamsky,G (2741)-Mamedyarov,S (2775) Tromsoe 2013}) 9... Bd7 10. a3 $146 ({Find the theoretical novelty and annotate with similar games:} 10. Qg3 Be7 11. O-O O-O 12. Rad1 b5 13. a3 Rac8 14. Kh1 Rfd8 15. e5 Ne8 16. Nxc6 Bxc6 17. Bd3 f5 18. exf6 Nxf6 19. Bd4 Qd7 20. Rde1 h6 21. Ne4 {1-0 (34) Hartl,A (2081)-Schmaus,H (1990) Bayern 2009}) 10... Rc8 11. O-O {White is slightly better.} Be7 12. Qg3 O-O 13. Nxc6 (13. Nb3 {keeps more tension.} b5 14. Rf2 Rb8 15. Bd3 Rfc8 16. Qf3) 13... Bxc6 14. Bd3 d5 {[%cal Rd5e4]} 15. exd5 (15. e5 $5 {[%cal Re5f6]} Ne4 16. Bxe4 dxe4 17. Bd4 $15) 15... Nxd5 16. Nxd5 Bxd5 17. Bd4 {[%csl Gd4][%cal Rg3g7]} f6 18. Qh3 f5 19. Rae1 (19. Qe3 {looks sharper.} Bc5 20. Rad1 Bxd4 21. Qxd4 Rfd8 22. Qe3) 19... Bc5 20. Qe3 Rf6 21. Bxc5 Qxc5 22. Qxc5 Rxc5 23. Re5 {next c4! is good for White.} b5 24. g3 h5 25. h4 Rc8 26. Rd1 Rd8 27. Kf2 Rf7 28. Be2 {Hoping for Rxe6!} Rc8 $1 {[%cal Rc8c2]} 29. c3 g6 30. Bf3 Bxf3 31. Kxf3 $14 {[%mdl 4096] Endgame KRR-KRR} Rc6 $1 32. Rd4 Rfc7 33. Ke3 Kf7 34. Rd8 (34. Kd2 $14) 34... Ke7 $11 35. Rg8 Kf6 36. Rf8+ Ke7 37. Rh8 Kf6 38. Rf8+ Ke7 $1 {[%cal Re7f8]} 39. Rh8 Kf6 40. Rd8 Ke7 41. Rd4 (41. Rdd5 {feels hotter.} Rc4 42. Kd2 Ra4 43. Re2 Rcc4 44. Rde5) 41... Rb6 42. Kd3 Rcb7 43. Kc2 Rb8 44. Kb3 a5 45. Rd3 R8b7 46. Rc5 $1 Ra6 47. Rc8 Raa7 48. Rc6 {Threatens to win with Re3.} Kf7 (48... Rc7 $16 49. Rcd6 Rab7) 49. Re3 $18 Rd7 (49... Re7 $142 50. Re5 Rab7) 50. Rcxe6 Rd2 {[#]} 51. Re2 $2 (51. Rb6 $1 $18) 51... Rd3 {[#]} ({Better is} 51... Rd1) 52. R6e3 $1 $16 {[%cal Re3d3]} Rd6 (52... Rd1 $16 53. Rg2 Rd5) 53. Re5 Rb7 54. Kc2 Kf6 55. Rd2 Rdb6 56. Kb3 Kf7 57. Rd8 Kf6 $2 (57... Ra7 58. Rdd5 Rab7) 58. Rf8+ $18 Kg7 59. Ra8 a4+ 60. Kb4 Kf6 61. Rf8+ Kg7 62. Rd8 Kf6 (62... Kf7 {is a better defense.} 63. Rd2 Ra7) 63. Rdd5 Rc6 64. Rxb5 Rd7 65. Re3 Ra6 66. Ra5 Rb7+ $2 (66... Rb6+ 67. Rb5 Ra6) 67. Kxa4 $1 Rd6 68. b4 Rd2 69. Ra6+ Kf7 70. c4 {[%cal Bc3c4,Bc4c5,Bc5c6][%mdl 32]} Rd4 71. Rc3 Rd1 72. c5 Rb1 73. c6 Rc7 74. Rb6 {Strongly threatening Rb7.} Ke6 75. Rb7 Rc8 76. c7 Kd7 77. Rb8 Rxc7 78. Rxc7+ Kxc7 {KR-KR} 79. Rg8 Rg1 80. Rxg6 Ra1 81. Rg5 Rg1 82. Kb5 Kd6 83. Rxf5 Rxg3 84. a4 {[%cal Ba3a4,Ba4a5,Ba5a6][%mdl 32]} Rg4 85. Rxh5 Rxf4 86. a5 {White mates.} Rf7 87. a6 Kc7 88. Ka5 Rf1 89. Rh7+ Kc6 90. b5+ Kc5 91. Rc7+ Kd6 92. Rc6+ Kd7 93. h5 {[%cal Bh4h5,Bh5h6][%mdl 32]} Ra1+ 94. Kb6 Rg1 95. h6 Rg8 96. Kb7 Rg5 97. b6 {Precision: White = 68%, Black = 28%.} 1-0

[Event "Turkey IS Bank Super League 2017"]
[Site "Darica-Kocaeli"]
[Date "2017.08.04"]
[Round "10"]
[White "Ozturk, Kubra"]
[Black "Kaplan, Ebru"]
[Result "1-0"]
[WhiteElo "2298"]
[BlackElo "2022"]
[Annotator "NA"]
[PlyCount "89"]
[EventType "team-tourn"]
[EventCountry "TUR"]
[SourceTitle "playchess.com"]
[Source "ChessBase"]
[SourceQuality "1"]
[TimeControl "40/5400+30:1800+30"]

{[%evp 12,87,32,28,91,38,60,18,125,101,129,104,112,104,119,100,138,115,125,116,119,129,124,124,129,107,117,113,105,78,60,50,75,0,10,0,22,54,91,105,160,139,161,32767,32767,32767,32767,32767,179,126,172,41,303,288,32767,289,32767,32767,32767,325,32767,32767,32767,353,329,359,32767,32767,32767,198,32767,484,460,487,665,674,975,967]} 1. d4 {[%emt 0:00:30]} Nf6 {[%emt 0:01:00]} 2. c4 {[%emt 0:00:30]} g6 {[%emt 0:00:30]} 3. Nc3 {[%emt 0:00:30]} Bg7 {[%emt 0:00:30]} 4. e4 {[%emt 0:00:30]} d6 {[%emt 0:00:30]} 5. h3 {[%emt 0:00:30]} O-O {[%emt 0:00:30]} 6. Be3 {[%emt 0:00:00]} c5 {[%emt 0:00:30]} 7. Nf3 {[%emt 0:00:00] LiveBook: 56 Games} Nfd7 {[%emt 0:05:30] E90: King's Indian: Classical: Early deviations and 6 h3} (7... cxd4 $14 8. Nxd4 b6 9. g3 Bb7 10. Bg2 Nbd7 11. O-O Nc5 12. Qc2 Rc8 13. Rfd1 Qd7 14. a4 a5 15. Nd5 Qd8 16. Rd2 {1-0 (50) Matlakov,M (2714)-Kovalev,V (2629) Minsk 2017}) 8. Be2 {[%emt 0:07:30]} Nc6 {[%emt 0:02:30]} 9. O-O {[%emt 0:00:30]} a6 $146 {[%emt 0:13:30]} (9... e5 $11 {keeps the balance.} 10. dxc5 dxc5) ({Predecessor:} 9... cxd4 10. Nxd4 a6 11. Nxc6 bxc6 12. Bd4 e5 13. Be3 Qe7 14. Qd2 Rd8 15. Bg5 {0-1 (57) Parreira,A (1914)-Pires,E (2054) Almada 2017}) 10. d5 {[%emt 0:05:30]} Nce5 {[%emt 0:00:30]} 11. Nd2 {[%emt 0:04:30]} Nf6 {[%emt 0:06:30]} 12. Qc2 {[%emt 0:04:30]} Rb8 {[%emt 0:03:30]} 13. a4 {[%emt 0:02:30]} Ne8 {[%emt 0:03:30]} 14. f4 {[%emt 0:03:30]} Nd7 {[%emt 0:00:30]} 15. Nf3 {[%emt 0:00:30]} Nc7 {[%emt 0:03:30]} 16. Rad1 {[%emt 0:05:30]} b6 {[%emt 0:03:30]} 17. b3 {[%emt 0:10:30]} Re8 {[%emt 0:04:30]} 18. Rd2 {[%emt 0:05:30]} Rf8 {[%emt 0:13:30]} 19. Ng5 {[%emt 0:04:30]} Ne8 {[%emt 0:05:30]} 20. Nd1 {[%emt 0:02:30]} Nc7 {[%emt 0:01:30]} 21. Nf2 {[%emt 0:03:30]} b5 {[%emt 0:06:30]} 22. Nd3 {[%emt 0:08:30]} (22. e5 $14) 22... bxa4 {[%emt 0:01:30]} 23. bxa4 {[%emt 0:00:30]} h6 {[%emt 0:05:20]} 24. Nf3 {[%emt 0:01:30]} Nf6 {[%emt 0:04:14] [#]} 25. Nf2 $1 {[%emt 0:05:30]} Nfe8 {[%emt 0:00:05]} (25... Nh5 $142) 26. e5 {[%emt 0:00:30]} Bf5 {[%emt 0:01:52]} 27. Bd3 {[%emt 0:02:30]} Bxd3 {[%emt 0:00:57]} 28. Nxd3 {[%emt 0:00:30]} a5 {[%emt 0:02:38]} 29. f5 {[%emt 0:01:30]} gxf5 {[%emt 0:02:16] [#]} 30. exd6 {[%emt 0:09:13]} (30. g4 $1 $18) 30... exd6 {[%emt 0:01:36]} 31. Nf4 {[%emt 0:00:23]} (31. g3 $18) 31... Qd7 $2 {[%emt 0:03:50]} (31... Nf6 $1 $14) 32. Nh4 {[%emt 0:02:15]} Rb2 {[%emt 0:00:50]} 33. Qxf5 {[%emt 0:00:41]} Qxf5 {[%emt 0:01:57]} 34. Nxf5 {[%emt 0:00:03]} Rb4 {[%emt 0:00:00]} 35. Nh5 {[%emt 0:02:31]} Rxc4 {[%emt 0:01:30]} 36. Nhxg7 {[%emt 0:05:53]} Nxg7 {[%emt 0:00:09]} 37. Ne7+ {[%emt 0:00:00]} ({Weaker is} 37. Nxd6 Rxa4 38. Bxh6 (38. Bxc5 Rd8 $18) 38... f5 $18) 37... Kh7 {[%emt 0:00:23]} 38. Rf6 $1 {[%emt 0:00:12]} Nge8 {[%emt 0:02:00]} 39. Rxh6+ {[%emt 0:00:30]} Kg7 {[%emt 0:00:00]} 40. Nf5+ {[%emt 0:00:00]} Kg8 {[%emt 0:00:23]} 41. Rd3 {[%emt 0:03:19]} f6 {[%emt 0:13:53] [#]} 42. Bxc5 $1 {[%emt 0:04:30]} Nxd5 {[%emt 0:07:19]} 43. Bxd6 {[%emt 0:03:30]} ({Less strong is} 43. Rxd5 dxc5 44. Rh5 Ng7 $16) 43... Nxd6 {[%emt 0:01:56]} 44. Rg3+ $18 {[%emt 0:00:30]} ({Less strong is} 44. Rxd5 Nxf5 45. Rxf5 Rxa4 $16) 44... Kf7 {[%emt 0:00:30]} 45. Nxd6+ {[%emt 0:00:00]} 1-0

[Event "Turkey IS Bank Super League 2017"]
[Site "Darica-Kocaeli"]
[Date "2017.08.04"]
[Round "10"]
[White "Karatekin, Tamer"]
[Black "Selbes, Tarik"]
[Result "0-1"]
[WhiteElo "2287"]
[BlackElo "2260"]
[Annotator "ChessBase"]
[PlyCount "72"]
[EventType "team-tourn"]
[EventCountry "TUR"]
[SourceTitle "playchess.com"]
[Source "ChessBase"]
[SourceQuality "1"]
[TimeControl "40/5400+30:1800+30"]

1. c4 {[%emt 0:00:30]} Nf6 {[%emt 0:01:00]} 2. g3 {[%emt 0:00:30]} g6 {[%emt 0:00:30]} 3. Bg2 {[%emt 0:00:30]} Bg7 {[%emt 0:00:30]} 4. Nf3 {[%emt 0:00:30]} O-O {[%emt 0:00:30]} 5. Nc3 {[%emt 0:00:30]} d6 {[%emt 0:00:30]} 6. O-O {[%emt 0:00:00]} Nc6 {[%emt 0:01:30]} 7. Rb1 {[%emt 0:00:00]} e5 {[%emt 0:00:30]} 8. d3 {[%emt 0:00:30]} a5 {[%emt 0:00:30]} 9. a3 {[%emt 0:00:30]} Nd4 {[%emt 0:00:30]} 10. Nxd4 {[%emt 0:00:30]} exd4 {[%emt 0:00:30]} 11. Nb5 {[%emt 0:01:30]} Ne8 {[%emt 0:05:30]} 12. e3 {[%emt 0:02:30]} dxe3 {[%emt 0:00:30]} 13. Bxe3 {[%emt 0:00:30]} c6 {[%emt 0:00:30]} 14. Nc3 {[%emt 0:00:30]} Nf6 {[%emt 0:00:30]} 15. Qb3 {[%emt 0:06:30]} Qe7 {[%emt 0:09:30]} 16. Rfe1 {[%emt 0:02:30]} Be6 {[%emt 0:00:30]} 17. Bd4 {[%emt 0:17:30]} Qd7 {[%emt 0:01:30]} 18. Na4 {[%emt 0:02:30]} Ra6 {[%emt 0:00:00]} 19. Qc3 {[%emt 0:03:30]} Nh5 {[%emt 0:00:00]} 20. c5 {[%emt 0:08:30]} Bxd4 {[%emt 0:09:30]} 21. Qxd4 {[%emt 0:00:30]} Rd8 {[%emt 0:00:00]} 22. Qc3 {[%emt 0:20:30]} Ng7 {[%emt 0:05:00]} 23. cxd6 {[%emt 0:06:30]} Qxd6 {[%emt 0:00:30]} 24. Nc5 {[%emt 0:00:30]} Ra7 {[%emt 0:00:30]} 25. Rbd1 {[%emt 0:04:43]} Qd4 {[%emt 0:01:30]} 26. Qc1 {[%emt 0:01:18]} Bd5 {[%emt 0:04:30]} 27. Re7 {[%emt 0:04:42]} Nf5 {[%emt 0:01:30]} 28. Rxb7 {[%emt 0:01:14]} Rxb7 {[%emt 0:01:30]} 29. Nxb7 {[%emt 0:00:07]} Rb8 {[%emt 0:00:00]} 30. Bxd5 {[%emt 0:03:08]} cxd5 {[%emt 0:01:00]} 31. Qc7 {[%emt 0:03:28]} Qa7 {[%emt 0:00:30]} 32. Re1 {[%emt 0:00:32]} Rxb7 {[%emt 0:04:30]} 33. Qd8+ {[%emt 0:01:01]} Kg7 {[%emt 0:00:00]} 34. Re8 {[%emt 0:00:20]} Rxb2 {[%emt 0:01:00]} 35. Rg8+ {[%emt 0:00:15]} Kh6 {[%emt 0:00:00]} 36. Qf8+ {[%emt 0:00:36]} Kh5 {[%emt 0:00:00]} 0-1

[Event "Turkey IS Bank Super League 2017"]
[Site "Darica-Kocaeli"]
[Date "2017.08.04"]
[Round "10"]
[White "Buyukasik, Diyap"]
[Black "Topak, Engin"]
[Result "1/2-1/2"]
[WhiteElo "2285"]
[BlackElo "2192"]
[Annotator "ChessBase"]
[PlyCount "101"]
[EventType "team-tourn"]
[EventCountry "TUR"]
[SourceTitle "playchess.com"]
[Source "ChessBase"]
[SourceQuality "1"]
[TimeControl "40/5400+30:1800+30"]

1. Nf3 {[%emt 0:00:30]} Nf6 {[%emt 0:01:00]} 2. g3 {[%emt 0:00:30]} d5 {[%emt 0:00:30]} 3. Bg2 {[%emt 0:00:30]} e6 {[%emt 0:01:30]} 4. O-O {[%emt 0:00:30]} Nbd7 {[%emt 0:00:30]} 5. d4 {[%emt 0:02:30]} Be7 {[%emt 0:05:30]} 6. c4 {[%emt 0:02:30]} O-O {[%emt 0:00:30]} 7. Nbd2 {[%emt 0:00:30]} b6 {[%emt 0:00:30]} 8. cxd5 {[%emt 0:08:30]} exd5 {[%emt 0:02:30]} 9. Ne5 {[%emt 0:00:30]} Bb7 {[%emt 0:00:30]} 10. Ndf3 {[%emt 0:00:30]} c5 {[%emt 0:10:30]} 11. Bf4 {[%emt 0:10:30]} Ne4 {[%emt 0:11:30]} 12. Qa4 {[%emt 0:04:30]} Nxe5 {[%emt 0:04:30]} 13. Nxe5 {[%emt 0:00:30]} Qe8 {[%emt 0:01:30]} 14. Qxe8 {[%emt 0:14:30]} Rfxe8 {[%emt 0:01:30]} 15. dxc5 {[%emt 0:01:30]} bxc5 {[%emt 0:01:30]} 16. Bxe4 {[%emt 0:05:30]} dxe4 {[%emt 0:00:00]} 17. Nc4 {[%emt 0:00:30]} Ba6 {[%emt 0:11:00]} 18. b3 {[%emt 0:00:30]} Red8 {[%emt 0:06:30]} 19. Rfd1 {[%emt 0:03:30]} Rxd1+ {[%emt 0:10:30]} 20. Rxd1 {[%emt 0:00:30]} Rd8 {[%emt 0:00:00]} 21. Rxd8+ {[%emt 0:03:30]} Bxd8 {[%emt 0:00:00]} 22. Bb8 {[%emt 0:00:30]} Bxc4 {[%emt 0:00:30]} 23. bxc4 {[%emt 0:00:00]} Bb6 {[%emt 0:01:30]} 24. g4 {[%emt 0:03:00]} f6 {[%emt 0:02:30]} 25. Kf1 {[%emt 0:04:30]} Kf7 {[%emt 0:00:30]} 26. Ke1 {[%emt 0:00:30]} Ba5+ {[%emt 0:06:30]} 27. Kd1 {[%emt 0:00:30]} a6 {[%emt 0:00:00]} 28. Bd6 {[%emt 0:02:30]} Bb4 {[%emt 0:01:01]} 29. Kc2 {[%emt 0:01:30]} Ke6 {[%emt 0:01:00]} 30. Bf8 {[%emt 0:00:30]} Kf7 {[%emt 0:00:00]} 31. Bd6 {[%emt 0:00:00]} Ke6 {[%emt 0:00:29]} 32. Bf4 {[%emt 0:05:00]} Be1 {[%emt 0:01:59]} 33. Be3 {[%emt 0:02:30]} Kd6 {[%emt 0:00:31]} 34. f3 {[%emt 0:01:30]} exf3 {[%emt 0:00:08]} 35. exf3 {[%emt 0:00:30]} g6 {[%emt 0:00:30]} 36. Kd3 {[%emt 0:00:30]} f5 {[%emt 0:00:05]} 37. h3 {[%emt 0:05:02]} Bh4 {[%emt 0:03:04]} 38. Bf4+ {[%emt 0:02:29]} Ke6 {[%emt 0:01:02]} 39. Be3 {[%emt 0:01:06]} Kd6 {[%emt 0:00:33]} 40. Bh6 {[%emt 0:00:00]} Bf2 {[%emt 0:31:51]} 41. Bg7 {[%emt 0:00:53]} Kd7 {[%emt 0:00:00]} 42. Ke2 {[%emt 0:02:30]} Bg1 {[%emt 0:00:00]} 43. Kf1 {[%emt 0:04:30]} Be3 {[%emt 0:00:00]} 44. Kg2 {[%emt 0:00:30]} Bf4 {[%emt 0:00:00]} 45. Bf8 {[%emt 0:00:30]} Bd6 {[%emt 0:00:00]} 46. Bh6 {[%emt 0:05:30]} Ke6 {[%emt 0:00:00]} 47. f4 {[%emt 0:02:30]} Be7 {[%emt 0:00:00]} 48. Kg3 {[%emt 0:00:30]} Kf7 {[%emt 0:00:00]} 49. h4 {[%emt 0:08:30]} fxg4 {[%emt 0:00:00]} 50. Kxg4 {[%emt 0:00:30]} Ke6 {[%emt 0:00:00]} 51. a3 {[%emt 0:04:30]} 1/2-1/2